The four-colour problem
Պահպանված է:
| Հիմնական հեղինակ: | |
|---|---|
| Ձևաչափ: | Գիրք |
| Լեզու: | անգլերեն |
| Հրապարակվել է: |
Nueva York
Academic Press
1967
|
| Շարք: | Pure and Applied Mathematics, 27
|
| Խորագրեր: | |
| Ցուցիչներ: |
Ավելացրեք ցուցիչ
Չկան պիտակներ, Եղեք առաջինը, ով նշում է այս գրառումը!
|
MARC
| LEADER | 00000nam a2200000 a 4500 | ||
|---|---|---|---|
| 001 | UCQ9445 | ||
| 003 | CL-VaPUC | ||
| 008 | 990112e19670000US |||||||||||||||||eng|d | ||
| 082 | 0 | 4 | |a 511.5 |b ORE |2 21 |
| 100 | |a Ore, Oystein |e author |9 427479 | ||
| 245 | 1 | 4 | |a The four-colour problem |
| 300 | |a 259 p | ||
| 942 | |c BK | ||
| 945 | |d 19990112 00:00:00 |a crobeson | ||
| 260 | |a Nueva York |b Academic Press |c 1967 | ||
| 650 | 0 | |a Teoría de grafos |9 269886 | |
| 650 | 7 | |a GRAFICAS TOPOLOGICAS |2 CL-VaPUC |9 360504 | |
| 650 | 0 | |a Mapas |9 260844 | |
| 650 | 0 | |a Gráficas |9 264054 | |
| 583 | |a last modification |c 19990112 00:00:00 |k Rodrigo Vera | ||
| 490 | 0 | |a Pure and Applied Mathematics, 27 | |
| 999 | |c 278449 |d 278447 | ||
| 952 | |0 0 |1 0 |4 0 |6 511_500000000000000_ORE_1967 |7 0 |8 A |9 316998 |a BIBMAT |b BIBMAT |d 2019-11-20 |i 131453K |o 511.5 ORE 1967 |p 131453K |r 2025-01-07 |w 2019-11-20 |y BK |k MAT | ||